000 00639nam a2200265Ia 4500
005 20260121171336.0
008 008 260114s9999 xx 000 0 eng d
020 _a9789811385872
037 _aEBOOK
040 _aCRL
040 _beng
040 _cCRL
041 _2eng
041 _aeng
084 _qCRL
100 _aSudhakar Srivastava
_91075052
245 0 _aArsenic in Drinking Water and Food
260 _bSpringer
260 _bSpringer
260 _c2020
856 _uhttps://link.springer.com/openurl?genre=book&isbn=978-981-13-8587-2
942 _cEBOOK
999 _c1640782
_d1640782